| 000 | 00585nam a2200193 a 4500 | ||
|---|---|---|---|
| 005 | 20230302063653.0 | ||
| 008 | 991125m19972006mx 000 0 spa u | ||
| 020 | _a9688530921 | ||
| 035 | _aUPN01000009602 | ||
| 049 | _aCG | ||
| 050 | 4 |
_aBF575 S39 _bB728 |
|
| 100 | 1 |
_aBranden, Nathaniel, _d1930-2014 _935025 |
|
| 245 | 1 | 0 |
_aCómo mejorar su autoestima / _cNathaniel Branden ; tr. Leandro Wolfson. |
| 260 |
_aMéxico : _bPaidós, _c1997 (2006 impr.). |
||
| 300 | _a159 p. | ||
| 534 |
_pTítulo original: _tHow to raise your self-esteem |
||
| 650 | 4 |
_aAutoestima _92906 |
|
| 905 | _aLibro | ||
| 999 |
_c9602 _d9602 |
||